000 01087pam a2200313 a 4500
001 614721
003 OSt
005 20240625101114.0
008 920415s1993 nyu b 001 0 eng
010 _a 92014008
020 _a0791413411
020 _a079141342X (pbk.)
040 _aDLC
_cDLC
_dDLC
043 _an-us-fl
050 0 0 _bC64 1993
082 0 0 _a371.1 COH 1993
_220
100 1 _aCohn, Marilyn M.; Kottkamp, Robert B.
_913202
245 1 0 _aTeachers :
_bthe missing voice in education
260 _aAlbany :
_bState University of New York Press,
_c1993.
300 _axxv, 358 p. ;
_c24 cm.
490 1 _aSUNY series, teacher preparation and development
504 _aIncludes bibliographical references (p. 325-343) and indexes.
650 0 _aTeachers
_913203
650 0 _aEducational change
_913204
830 0 _aSUNY series in teacher preparation and development.
_913207
906 _a7
_bcbc
_corignew
_d1
_eocip
_f19
_gy-gencatlg
942 _2ddc
_cO_SHELF
999 _c6434
_d6434